B. K. találkozása a steineristákkal
Elmentve itt :
| Szerző: | |
|---|---|
| Dokumentumtípus: | Könyv része |
| Megjelent: |
2018
|
| Sorozat: | A vallási kultúrakutatás könyvei
32 Tapasztalatból hallottam... : alternatív világképek, összeesküvés-elméletek társadalomtudományi elemzése 32 |
| Kulcsszavak: | Okkultizmus - Magyarország - 19. sz., Vallástörténet |
| Tárgyszavak: | |
| Online Access: | http://acta.bibl.u-szeged.hu/69710 |
| LEADER | 00989naa a2200253 i 4500 | ||
|---|---|---|---|
| 001 | acta69710 | ||
| 005 | 20211125113123.0 | ||
| 008 | 200630s2018 hu o 0|| hun d | ||
| 020 | |a 978-963-508-868-3 | ||
| 022 | |a 2064-4825 | ||
| 040 | |a SZTE Egyetemi Kiadványok Repozitórium |b hun | ||
| 041 | |a hun | ||
| 100 | 1 | |a Voigt Vilmos | |
| 245 | 1 | 0 | |a B. K. találkozása a steineristákkal |h [elektronikus dokumentum] / |c Voigt Vilmos |
| 260 | |c 2018 | ||
| 300 | |a 127-133 | ||
| 490 | 0 | |a A vallási kultúrakutatás könyvei |v 32 | |
| 490 | 0 | |a Tapasztalatból hallottam... : alternatív világképek, összeesküvés-elméletek társadalomtudományi elemzése |v 32 | |
| 650 | 4 | |a Társadalomtudományok | |
| 650 | 4 | |a Szociológia | |
| 650 | 4 | |a Bölcsészettudományok | |
| 650 | 4 | |a Filozófia, etika és vallástudományok | |
| 695 | |a Okkultizmus - Magyarország - 19. sz., Vallástörténet | ||
| 856 | 4 | 0 | |u http://acta.bibl.u-szeged.hu/69710/1/vallasi_kulturakutatas_032_127-133.pdf |z Dokumentum-elérés |